<?xml version="1.0" encoding="UTF-8"?>
<marc:record xmlns:marc="http://www.loc.gov/MARC21/slim">
   <marc:leader>00000nam a2200000 a 4500</marc:leader>
   <marc:datafield ind1="1" ind2=" " tag="100">
      <marc:subfield code="a">Holenstein, Alexandra</marc:subfield>
      <marc:subfield code="4">aut</marc:subfield>
      <marc:subfield code="e">Verfasser/-in</marc:subfield>
   </marc:datafield>
   <marc:datafield ind1="0" ind2="0" tag="245">
      <marc:subfield code="a">Arrivederci am Lago Maggiore</marc:subfield>
   </marc:datafield>
   <marc:datafield ind1="0" ind2="0" tag="245">
      <marc:subfield code="b">Kriminalroman</marc:subfield>
   </marc:datafield>
   <marc:datafield ind1="0" ind2="0" tag="245">
      <marc:subfield code="c">Alexandra Holenstein</marc:subfield>
   </marc:datafield>
   <marc:datafield ind1=" " ind2="1" tag="264">
      <marc:subfield code="a">Köln</marc:subfield>
      <marc:subfield code="b">Emons Verlag</marc:subfield>
      <marc:subfield code="c">2026</marc:subfield>
   </marc:datafield>
   <marc:datafield ind1="1" ind2=" " tag="520">
      <marc:subfield code="a">Als Tabea Kummer von ihrem Vermieter gebeten wird, ihn für ein paar Wochen in seinem Boutiquehotel in Ascona zu vertreten, sagt sie gern zu. Doch nicht alle Feriengäste stellen sich als pflegeleicht heraus. Auch eine bekannte Influencerin logiert in dem Hotel &#x96; bis sie leblos in einem nahe gelegenen Flussbett aufgefunden wird. Hat jemand bei ihrem tödlichen Sturz nachgeholfen? Während die Polizei ermittelt, versucht Tabea gemeinsam mit der resoluten Haushälterin Esmeralda Licht ins Dunkel zu bringen. Dass viele der Urlauber nicht gut auf das Opfer zu sprechen sind, macht die Sache nicht einfacher. Und der nächste Mord lässt nicht lange auf sich warten... (Verl.txt)</marc:subfield>
   </marc:datafield>
   <marc:datafield ind1=" " ind2=" " tag="020">
      <marc:subfield code="a">9783740824839</marc:subfield>
      <marc:subfield code="9">9783740824839</marc:subfield>
   </marc:datafield>
   <marc:datafield ind1=" " ind2=" " tag="020">
      <marc:subfield code="a">3740824832</marc:subfield>
      <marc:subfield code="9">3740824832</marc:subfield>
   </marc:datafield>
   <marc:datafield ind1=" " ind2=" " tag="300">
      <marc:subfield code="a">351 S.</marc:subfield>
   </marc:datafield>
</marc:record>
